Thames and Hudson manual of rendering with pen and ink (Record no. 25767)
[ view plain ]
| 000 -LEADER | |
|---|---|
| fixed length control field | 00329nam a2200121Ia 4500 |
| 082 ## - DEWEY DECIMAL CLASSIFICATION NUMBER | |
| Classification number | 741.02 |
| Item number | GIL |
| 100 ## - MAIN ENTRY--AUTHOR NAME | |
| Personal name | Gill, Robert W |
| 245 #0 - TITLE STATEMENT | |
| Title | Thames and Hudson manual of rendering with pen and ink |
| 260 ## - PUBLICATION, DISTRIBUTION, ETC. (IMPRINT) | |
| Place of publication | London |
| Name of publisher | Thames and Hudson |
| Year of publication | 1973 |
| 650 ## - SUBJECT ADDED ENTRY--TOPICAL TERM | |
| Topical Term | Drawing |
| 942 ## - ADDED ENTRY ELEMENTS (KOHA) | |
| Koha item type | Books |
| Withdrawn status | Lost status | Damaged status | Not for loan | Home library | Current library | Date acquired | Cost, normal purchase price | Full call number | Accession Number | Koha item type |
|---|---|---|---|---|---|---|---|---|---|---|
| RRII Library | RRII Library | 16/12/2021 | 3.25 | 741.02 GIL | 06419 | Books |